000
00211nam a22000857a 4500
008
161209b xxu||||| |||| 00| 0 eng d
100
_9
1958
_a
Jain.M.etal.
245
_a
Physics-XII
260
_a
New delhi
_b
S. Chand
_c
2011
999
_c
4753
_d
4753